000 00419nam a2200157 4500
001 144406
003 ES-MaACL
005 20230906201018.0
007 t|
008 070214s1969 sp r ||||1| spa d
100 1 _aSik, Ota.
_9106326
245 1 0 _aAutogestión en Checoslovaquia /
_cOta Sik.
260 _aAlgorta (Vizcaya) :
_bZero,
_c1969.
300 _a51 p. ;
_c17 cm.
852 _aES-MaACL
_j2064-F-11
_bR.71228
999 _c144406
_d144406